Online Catalogue and eLibrary

Letters to kunthaavi,maanvizhi (Record no. 3940)

MARC details
000 -LEADER
fixed length control field 00400nam a2200157Ia 4500
005 - DATE AND TIME OF LATEST TRANSACTION
control field 20240618032452.0
008 - FIXED-LENGTH DATA ELEMENTS--GENERAL INFORMATION
fixed length control field 240331s9999 xx 000 0 und d
082 ## - DDC Classification
Item Number - Author Mark GAN
Class No. 891.48
100 ## - MAIN ENTRY--PERSONAL NAME
Personal name Ganesalingan, S
245 #0 - TITLE STATEMENT
Title Letters to kunthaavi,maanvizhi
Statement of responsibility, etc. S. Ganeshalingan
260 ## - PUBLICATION, DISTRIBUTION, ETC.
Place of publication, distribution, etc. Chennai
Name of publisher, distributor, etc. Kumaran Publishers
Date of publication, distribution, etc. 2001
300 ## - PHYSICAL DESCRIPTION
Extent (e.g. Volumes, Pages etc.) 171 p .,
650 ## - SUBJECT ADDED ENTRY--TOPICAL TERM
Topical term or geographic name entry element History
650 ## - SUBJECT ADDED ENTRY--TOPICAL TERM
Topical term or geographic name entry element Social
942 ## - Koha item type (Biblio)
Koha item type Books in Stacks (Lending)
Holdings
Lost status Damaged status Collection code Home library Current library Shelving location Date acquired Full call number Accession Number Item type
    Lending WERC Library WERC Library Social Science Cupboard 03/31/2024 891.48 GAN 5863 Books in Stacks (Lending)

© WERC Library